Alcohol-related fatalities in 2004 : a brief statistical summary /

Bibliographic Details
Corporate Author: National Center for Statistics and Analysis (U.S.)
Format: Government Document Book
Language:English
Published: [Washington, DC] : NHTSA, [National Center for Statistics and Analysis], [2005]
Subjects:
Online Access:https://purl.fdlp.gov/GPO/LPS96234

MARC

Tag First Indicator Second Indicator Subfields
LEADER 00000cam a2200000Ka 4500
001 in00002410113
005 20211129160341.0
006 m d f
008 080707s2005 dcu s f000 0 eng d
035 |a (OCoLC)ocn233534573 
040 |a GPO  |c GPO  |d MvI  |d UtOrBLW 
049 |a WWW 
074 |a 0982-D-68 (online) 
086 0 |a TD 8.67:809 904 
245 0 0 |a Alcohol-related fatalities in 2004 :  |b a brief statistical summary /  |c NHTSA. 
246 1 |i At head of title:  |a Traffic safety facts, crash stats 
264 1 |a [Washington, DC] :  |b NHTSA, [National Center for Statistics and Analysis],  |c [2005] 
300 |a 2 unnumbered pages :  |b digital, PDF file. 
336 |a text  |b txt  |2 rdacontent 
337 |a computer  |b c  |2 rdamedia 
338 |a unspecified  |b zu  |2 rdacarrier 
538 |a Mode of access: Internet from NHTSA web site. Address as of 7/3/08: http://www-nrd.nhtsa.dot.gov/Pubs/809904.PDF ; current access available via PURL. 
500 |a Title from caption (viewed on July 3, 2008). 
500 |a "August 2005." 
500 |a "DOT HS 809 904." 
500 |a Electronic resource. 
650 0 |a Drinking and traffic accidents  |z United States  |v Statistics. 
650 0 |a Traffic fatalities  |z United States  |v Statistics. 
710 2 |a National Center for Statistics and Analysis (U.S.) 
856 4 0 |u https://purl.fdlp.gov/GPO/LPS96234  |t 0 
999 |a MARS 
999 f f |s dd7b09cb-c969-3a13-9fe9-3c93754df2d9  |i d821f932-76b3-3f06-9375-16ad25ba0758  |t 0 
952 f f |a Texas A&M University  |b College Station  |c Electronic Resources  |d Available Online  |t 0  |e TD 8.67:809 904  |h Superintendent of Documents classification 
998 f f |a TD 8.67:809 904  |t 0  |l Available Online